Online Catalogue and eLibrary

Adiyum mudiyum (Record no. 4034)

MARC details
000 -LEADER
fixed length control field 00368nam a2200157Ia 4500
005 - DATE AND TIME OF LATEST TRANSACTION
control field 20250318071929.0
008 - FIXED-LENGTH DATA ELEMENTS--GENERAL INFORMATION
fixed length control field 240331s9999 xx 000 0 und d
082 ## - DDC Classification
Item Number - Author Mark KAI
Class No. 894
100 ## - MAIN ENTRY--PERSONAL NAME
Personal name Kailasapathy, K
245 #0 - TITLE STATEMENT
Title Adiyum mudiyum
260 ## - PUBLICATION, DISTRIBUTION, ETC.
Place of publication, distribution, etc. Chennai
Name of publisher, distributor, etc. Kumaran Publishers
Date of publication, distribution, etc. 1996
300 ## - PHYSICAL DESCRIPTION
Extent (e.g. Volumes, Pages etc.) 349 p .,
650 ## - SUBJECT ADDED ENTRY--TOPICAL TERM
Topical term or geographic name entry element Kattorai
650 ## - SUBJECT ADDED ENTRY--TOPICAL TERM
Topical term or geographic name entry element Ilakkiyam
942 ## - Koha item type (Biblio)
Koha item type Books in Stacks (Lending)
Holdings
Lost status Damaged status Collection code Home library Current library Shelving location Date acquired Full call number Accession Number Item type
    Lending WERC Library WERC Library Social Science Cupboard 03/31/2024 894.811 KAI 2616 Books in Stacks (Lending)

© WERC Library